000 00539nam a2200169 4500
001 124221
003 ES-MaACL
005 20230906192341.0
007 t|
008 070214s1941 sp r ||||1| spa d
245 0 0 _aOnésimo Redondo
_b: vida, pensamiento, obra.
260 _aValladolid :
_bJefatura de Propaganda de Falange,
_c1941.
300 _aLXXII p. :
_bil. = 1 retr. ;
_c16 cm.
710 0 0 _aFalange Española Tradicionalista y de las J.O.N.S.
_94086
852 _aES-MaACL
_j1829-F-1
_bR.19028
852 _j1828-F-13
_bR.19029
999 _c124221
_d124221